Basic human anatomy EMT diagrams - Statistics

General Stats
  • This quiz has been taken 10 times
  • The average score is 12 of 87
Answer Stats
Picture Hint Answer % Correct
heart NO. 7,8,9 aorta
70%
heart NO. 10+11,12,13 left&right ventricles
50%
heart NO. 7,8,9 right atrium
50%
heart NO. 10+11,12,13 left atria(um)
40%
Heart N0. 1,2,3 Mitral valve
40%
Heart N0. 1,2,3 Tricuspid valve
40%
heart NO. 4,5,6 Aortic valve
30%
Skeleton bones# 57,64,67 Coccyx
30%
skull bones # 40,41,45 frontal bone
30%
heart NO. 7,8,9 Inferior vena cava
30%
Abdomen# 23,25,28 liver
30%
Urinary/digestive#62,63,64 liver
30%
heart NO. 4,5,6 Pulmonary artery
30%
Heart N0. 1,2,3 Pulmonary valve
30%
heart NO. 10+11,12,13 Pulmonary vein
30%
Abdomen# 20,21,22 Small intestine
30%
Skeleton bones# 57,64,67 Tibia
30%
Airway NO. 33,35,36 Trachea
30%
lungs#36+37,39,40 trachea
30%
Airway NO. 33,35,36 Alveoli
20%
Skeleton bones#71,72,74 clavicle
20%
Skin layers# 27,28,29 dermis
20%
Skin layers# 27,28,29 Epidermis
20%
Eye# 14,15,16 iris
20%
Lungs#33,34+38,35 Larynx
20%
Urinary/digestive# 53,54,55 left kidney
20%
Urinary/digestive#56,57,58 left kidney
20%
skull bones # 40,41,45 mandible
20%
skull bones # 40,41,45 Maxilla
20%
Skull bones # 37,38,39 Occipital
20%
Eye#11,12,13 pupil
20%
Eye# 14,15,16 pupil
20%
Abdomen# 20,21,22 rectum
20%
Urinary/digestive#59,60,61 right kidney
20%
Urinary/digestive#62,63,64 Right kidney
20%
heart NO. 4,5,6 Superior vena cava
20%
Skull bones # 37,38,39 Temporal
20%
Skull bones/lobes# 23,24,25 Zygomatic bone
20%
Abdomen# 23,25,28 anus
10%
Abdomen# 23,25,28 Ascending colon
10%
Skeleton bones#71,72,74 cervical
10%
Eye#11,12,13 Cornea
10%
Airway NO. 33,35,36 Cricoid cartilage
10%
lungs#36+37,39,40 Cricoid cartilage
10%
Skeleton bones# 57,64,67 Iliac crest
10%
Eye#11,12,13 lacrimal gland
10%
Skeleton bones# 68,69,70 Lumbar
10%
Urinary/digestive# 53,54,55 pancreas
10%
Eye# 5,6,7 Retina
10%
Skeleton bones# 68,69,70 Scapula
10%
Urinary/digestive# 53,54,55 Spleen
10%
skin layers# 30,31,32 Sweat gland
10%
Eye# 8,9,10 Anterior chamber
0%
skin layers# 30,31,32 arrector pili muscle
0%
Urinary/digestive#56,57,58 Bladder
0%
Eye# 8,9,10 Conjunctiva
0%
Airway NO. 29,30,32 cricothyroid membrane
0%
Lungs#33,34+38,35 diaphragm
0%
Urinary/digestive#59,60,61 Duodenum
0%
Ear#1,3,4 External auditory canal
0%
Urinary/digestive#62,63,64 gallbladder
0%
Skeleton bones#71,72,74 Humerous
0%
Skull bones/lobes# 23,24,25 Lacrimal bone
0%
Eye# 14,15,16 lacrimal sac
0%
Airway NO. 29,30,32 left bronchus
0%
Urinary/digestive#56,57,58 Left ureter
0%
Eye# 8,9,10 Lens
0%
Lungs#33,34+38,35 Lungs
0%
Skull bones/lobes#20,21,22 Mandible bone
0%
Skull bones/lobes#20,21,22 maxilla bone
0%
Skull bones/lobes# 23,24,25 Nasal bone
0%
Skull bones/lobes# 17,18,19 occipital lobe
0%
Eye# 5,6,7 Optic nerve
0%
Skull bones # 37,38,39 parietal
0%
Skull bones/lobes# 17,18,19 parietal lobe
0%
lungs#36+37,39,40 pleura (visceral(medial)parietal(lateral))
0%
Urinary/digestive#59,60,61 Right ureter
0%
Eye# 5,6,7 Sclera
0%
skin layers# 30,31,32 Sebaceous gland
0%
Ear#1,3,4 Semicircular canals
0%
Abdomen# 20,21,22 Sigmoid
0%
Skin layers# 27,28,29 Subcutaneous tissue
0%
Skull bones/lobes# 17,18,19 Temporal lobe
0%
Airway NO. 29,30,32 Thyroid cartilage
0%
Ear#1,3,4 Tympanic membrane
0%
Skeleton bones# 68,69,70 Xiphoid
0%
Skull bones/lobes#20,21,22 Zygomatic arch
0%
No matching quizzes found
Score Distribution
Percent of People with Each Score
Percentile by Number Answered
Your Score History
You have not taken this quiz